| 000 | 00457nam a2200169 a 4500 | ||
|---|---|---|---|
| 001 | 3294 | ||
| 003 | CDMR | ||
| 005 | 20130607110248.0 | ||
| 008 | 130130s1975||||||||||||||||||||||||||||d | ||
| 040 |
_aCDMR _bcat _cCDMR |
||
| 100 | 1 |
_aHale, Julian _91716 |
|
| 245 | 1 | 0 |
_aRadio Power _b: propaganda and international broadcasting |
| 260 |
_aLondon _c1975 _bPaul Elek |
||
| 650 | 0 | 4 |
_93177 _aPropaganda |
| 650 | 0 | 4 |
_92805 _aRadiodifusió internacional |
| 942 |
_cMON _2udc |
||
| 999 |
_c3294 _d3294 |
||